000 00380nam a22001457a 4500
005 20200619140457.0
008 200619b xxu||||| |||| 00| 0 eng d
082 _a345.4
110 _aALL INDIA REPORTER
_96220
245 _aLABOUR AND INDUSTRIAL CASES [1970] V-2
260 _aMUMBAI
_bALL INDIA REPORTER Pvt.Ltd.
_c1970
300 _a1664p.
650 _aLAW
_95701
942 _cJRL
999 _c7316
_d7314